00430 2200169 4500001002100000005001500021035002000036245005400056100001700110250001700127300002800144260002900172082000800201084001400209020002200223650001500245INLIS00000000000053320240816090101 a0010-08240000511 aPetunjuk Praktis Memelihara Gabus /cNeni Suhaeni0 aNeni Suhaeni acetakan ke-1 a52 hlm :bilus ;c21 cm aBandung :bNuansa,c2007 a636 a636 NEN p a978-979-948-184-8 4aPeternakan